The Lending Channel in Emerging Economies : Are Foreign Banks Different? /

This paper exploits a panel dataset comprising 1,565 banks in 20 emerging countries during 1989- 2001 and compares the response of the volume of loans and the rates on loans and deposits to various measures of monetary conditions across domestic and foreign banks. It also looks for systematic differ...

Ful tanımlama

Detaylı Bibliyografya
Yazar: Vazquez, Francisco
Diğer Yazarlar: Arena, Marco, Reinhart, Carmen
Materyal Türü: Dergi
Dil:English
Baskı/Yayın Bilgisi: Washington, D.C. : International Monetary Fund, 2007.
Seri Bilgileri:IMF Working Papers; Working Paper ; No. 2007/048
Online Erişim:Full text available on IMF
LEADER 02274cas a2200265 a 4500
001 AALejournalIMF009169
008 230101c9999 xx r poo 0 0eng d
020 |c 5.00 USD 
020 |z 9781451866124 
022 |a 1018-5941 
040 |a BD-DhAAL  |c BD-DhAAL 
100 1 |a Vazquez, Francisco. 
245 1 4 |a The Lending Channel in Emerging Economies :   |b Are Foreign Banks Different? /  |c Francisco Vazquez, Carmen Reinhart, Marco Arena. 
264 1 |a Washington, D.C. :  |b International Monetary Fund,  |c 2007. 
300 |a 1 online resource (52 pages) 
490 1 |a IMF Working Papers 
500 |a <strong>Off-Campus Access:</strong> No User ID or Password Required 
500 |a <strong>On-Campus Access:</strong> No User ID or Password Required 
506 |a Electronic access restricted to authorized BRAC University faculty, staff and students 
520 3 |a This paper exploits a panel dataset comprising 1,565 banks in 20 emerging countries during 1989- 2001 and compares the response of the volume of loans and the rates on loans and deposits to various measures of monetary conditions across domestic and foreign banks. It also looks for systematic differences in the behavior of domestic and foreign banks during periods of financial distress and tranquil times. Using differences in bank ownership as a proxy for financial constraints, the paper finds weak evidence that foreign banks have a lower sensitivity of credit to monetary conditions relative to their domestic competitors, with the differences driven by banks with lower asset liquidity and/or capitalization. The lending and deposit rates of foreign banks tend to be smoother during periods of financial distress. However, the differences across domestic and foreign banks do not appear to be strong. These results provide weak support to the existence of supply-side effects in credit markets and suggest that foreign bank entry in emerging countries may have contributed somewhat to stability in credit markets. 
538 |a Mode of access: Internet 
700 1 |a Arena, Marco. 
700 1 |a Reinhart, Carmen. 
830 0 |a IMF Working Papers; Working Paper ;  |v No. 2007/048 
856 4 0 |z Full text available on IMF  |u http://elibrary.imf.org/view/journals/001/2007/048/001.2007.issue-048-en.xml  |z IMF e-Library